La investigación educativa : una herramienta de conocimiento y de acción /
Guardado en:
| Autor Principal: | |
|---|---|
| Formato: | Libro |
| Publicado: |
Buenos Aires :
Novedades educativas,
2007
|
| Materias: | |
| Etiquetas: |
Agregar Etiqueta
Sin Etiquetas, Sea el primero en etiquetar este registro!
|
| LEADER | 01235nam a22001935a 4500 | ||
|---|---|---|---|
| 001 | CEM.cems013083 | ||
| 005 | 20090303104327.0 | ||
| 008 | 130507s2007##################000#0#####d | ||
| 003 | CEMS | ||
| 020 | |a 9789875381957 | ||
| 082 | 0 | 4 | |a 370.78 |
| 100 | 1 | |a Sverdlick, Ingrid | |
| 245 | 1 | 0 | |a La investigación educativa : |b una herramienta de conocimiento y de acción / |c Coompilador Por Ingrid Sverdlick |
| 260 | |a Buenos Aires : |b Novedades educativas, |c 2007 | ||
| 300 | |a 192 p. | ||
| 505 | 0 | |a La investigación educativa como instrumento de acción, de formación y de cambio / Ingrid Sverdlick -- El docente investigador: la investigación acción como una forma válida de generación de conocimientos / Gary L. Anderson y Kathryn Herr -- Docentes, narrativa e investigación educativa. La documentación narrativa de las prácticas docentes y la indagación pedagógica del mundo y las experiencias escolares / Daniel H. Suárez -- Vida, experiencia y educación: la biografía como estrategia de conocimiento / Ignacio Rivas Flores -- El registro fotográfico en la investigación educativa / Gabriela Augustowsky | |
| 653 | |a Educación | ||
| 653 | |a Investigación educativa | ||
| 859 | |a CEMS |b BIB. CEMS - 11 de abril |h 370.78 |i Sv26 |p 25516.09 |t Ej.1 | ||
